[Event "EU-ch U16 Girls 30th"]
[Site "Antalya"]
[Date "2022.11.07"]
[Round "2"]
[White "Tashkinova, Sofiia"]
[Black "Jafarova, Aysel"]
[Result "1-0"]
[WhiteElo "2006"]
[BlackElo "1615"]
[PlyCount "41"]
[EventDate "2022.11.06"]
[EventType "swiss"]
[EventRounds "9"]
[EventCountry "TUR"]
[SourceTitle "EXT 2024"]
[Source "ChessBase"]
[SourceDate "2023.10.10"]
[SourceVersion "1"]
[SourceVersionDate "2023.10.10"]
[SourceQuality "1"]

1. e4 c5 2. Nf3 e6 3. c3 d6 4. Bb5+ Bd7 5. Bxd7+ Qxd7 6. 0-0 Nf6 7. Re1 Be7 8. d4 cxd4 9. cxd4 0-0 10. Nc3 Na6 11. Bg5 Rfe8 12. Qe2 h6 13. Bh4 Nh7 14. Bg3 Ng5 15. Nxg5 Bxg5 16. Rad1 d5 17. f4 Bf6 18. e5 Bd8 19. Bf2 Ba5 20. Rd3 Rac8 21. Qg4 1-0

[Event "World ol U16"]
[Site "Nakhchivan"]
[Date "2022.10.07"]
[Round "6.10"]
[White "Thamil Manni, Swetha"]
[Black "Jafarova, Aysel"]
[Result "0-1"]
[WhiteElo "1428"]
[BlackElo "1489"]
[PlyCount "44"]
[EventDate "2022.10.02"]
[EventType "team-swiss"]
[EventRounds "9"]
[EventCountry "AZE"]
[SourceTitle "CBM 210 Extra"]
[Source "ChessBase"]
[SourceDate "2022.11.30"]
[SourceVersion "1"]
[SourceVersionDate "2022.11.30"]
[SourceQuality "1"]
[WhiteTeam "Malaysia"]
[BlackTeam "Azerbaijan II"]
[WhiteTeamCountry "MAS"]
[BlackTeamCountry "AZE"]

1. d4 d5 2. Nc3 Nf6 3. Bf4 c5 4. e3 a6 5. dxc5 e6 6. Bxb8 Rxb8 7. b4 b6 8. Qd4 bxc5 9. bxc5 Qc7 10. Bxa6 Bxa6 11. Qa4+ Nd7 12. Qxa6 Nxc5 13. Qe2 Qe5 14. Kd2 Ne4+ 15. Nxe4 Qxa1 16. Nc3 Bb4 17. Qd3 0-0 18. a3 Ba5 19. h4 Rfc8 20. Ke2 Rxc3 21. Qa6 Rxc2+ 22. Kf3 Qf6+ 0-1

[Event "EU-ch Online U14 Girls"]
[Site "Tornelo INT"]
[Date "2020.09.18"]
[Round "3"]
[White "Jafarova, Aysel"]
[Black "Aydin, Gulenay"]
[Result "0-1"]
[WhiteElo "1417"]
[BlackElo "1975"]
[PlyCount "76"]
[EventDate "2020.09.18"]
[EventType "swiss (rapid)"]
[EventRounds "9"]
[EventCountry "NET"]
[SourceTitle "EXT 2023"]
[Source "ChessBase"]
[SourceDate "2022.10.05"]
[SourceVersion "1"]
[SourceVersionDate "2022.10.05"]
[SourceQuality "1"]
[WhiteTeam "Azerbaijan"]
[BlackTeam "Turkey"]
[WhiteTeamCountry "AZE"]
[BlackTeamCountry "TUR"]

1. d4 Nf6 2. c4 g6 3. f3 Bg7 4. e4 d6 5. Nc3 0-0 6. Be3 c5 7. dxc5 dxc5 8. Qxd8 Rxd8 9. Bxc5 Nc6 10. Rd1 Rxd1+ 11. Kxd1 Be6 12. Nd5 Nd7 13. Ba3 Nde5 14. b3 Rd8 15. Kc2 Nd4+ 16. Kb1 Bxd5 17. exd5 e6 18. Bb2 Nf5 19. Be2 exd5 20. cxd5 Rxd5 21. Nh3 Rd2 22. Re1 Rxb2+ 23. Kxb2 Nxf3+ 24. Kc1 Nxe1 25. Bf1 Ne3 26. Kd2 Nxf1+ 27. Kxe1 Nxh2 28. Kf2 Ng4+ 29. Kf3 Ne5+ 30. Ke4 Nc6 31. a3 Bb2 32. a4 f5+ 33. Kd5 Bc1 34. Kc5 Be3+ 35. Kd6 Nd4 36. b4 a5 37. b5 b6 38. Kc7 Ne2 0-1

[Event "AZE-ch (Women)"]
[Site "Baku"]
[Date "2019.02.12"]
[Round "9"]
[White "Allahverdiyeva, Ayan"]
[Black "Jafarova, Aysel"]
[Result "1-0"]
[WhiteElo "2051"]
[BlackElo "1376"]
[PlyCount "59"]
[EventDate "2019.02.04"]
[EventType "swiss"]
[EventRounds "9"]
[EventCountry "AZE"]
[SourceTitle "CBM 188 Extra"]
[Source "ChessBase"]
[SourceDate "2019.02.28"]
[SourceVersion "1"]
[SourceVersionDate "2019.02.28"]
[SourceQuality "1"]

1. e4 e6 2. d4 d5 3. Nd2 Nc6 4. Ngf3 Nf6 5. Bd3 Nb4 6. Qe2 Nxd3+ 7. Qxd3 Be7 8. 0-0 a5 9. Re1 0-0 10. Ne5 Nd7 11. Ndf3 f6 12. Ng4 b6 13. exd5 exd5 14. Ne3 Ba6 15. Qf5 Re8 16. Nxd5 Bd6 17. Rxe8+ Qxe8 18. Bf4 g6 19. Nxf6+ Nxf6 20. Qxf6 Be7 21. Qe5 Bd6 22. Qd5+ Kg7 23. Re1 Qg8 24. Be5+ Kh6 25. Qe4 Bxe5 26. Qxe5 g5 27. h4 gxh4 28. Qf4+ Kg6 29. Qg5+ Kf7 30. Re7+ 1-0

[Event "AZE-ch (Women)"]
[Site "Baku"]
[Date "2019.02.08"]
[Round "5"]
[White "Babazade, Jale"]
[Black "Jafarova, Aysel"]
[Result "1/2-1/2"]
[WhiteElo "1823"]
[BlackElo "1376"]
[PlyCount "66"]
[EventDate "2019.02.04"]
[EventType "swiss"]
[EventRounds "9"]
[EventCountry "AZE"]
[SourceTitle "CBM 188 Extra"]
[Source "ChessBase"]
[SourceDate "2019.02.28"]
[SourceVersion "1"]
[SourceVersionDate "2019.02.28"]
[SourceQuality "1"]

1. e4 d5 2. exd5 Nf6 3. Nc3 Nxd5 4. Nxd5 Qxd5 5. Qf3 c6 6. Qxd5 cxd5 7. d4 Nc6 8. c3 Bf5 9. Bb5 a6 10. Be2 e6 11. Nf3 Bd6 12. 0-0 h6 13. h3 Kd7 14. Be3 Rac8 15. Nd2 Na5 16. f4 Nc4 17. Nxc4 dxc4 18. Rad1 Be4 19. Bf3 Bd3 20. Rf2 Kc7 21. d5 Rhe8 22. Bd4 f6 23. dxe6 Rxe6 24. Bd5 Re7 25. g3 Rce8 26. Bf3 Be2 27. Rd2 Bxf3 28. Rxf3 Re1+ 29. Rf1 R1e2 30. Rf2 Re1+ 31. Rf1 R1e2 32. Rf2 Re1+ 33. Kg2 Ra1 1/2-1/2

[Event "AZE-ch (Women)"]
[Site "Baku"]
[Date "2019.02.07"]
[Round "4"]
[White "Jafarova, Aysel"]
[Black "Hajiyeva, Altunay"]
[Result "1-0"]
[WhiteElo "1376"]
[BlackElo "1315"]
[PlyCount "81"]
[EventDate "2019.02.04"]
[EventType "swiss"]
[EventRounds "9"]
[EventCountry "AZE"]
[SourceTitle "CBM 188 Extra"]
[Source "ChessBase"]
[SourceDate "2019.02.28"]
[SourceVersion "1"]
[SourceVersionDate "2019.02.28"]
[SourceQuality "1"]

1. d4 d5 2. Nf3 e6 3. c4 c6 4. Nc3 Nf6 5. e3 Nbd7 6. Qc2 Bd6 7. Bd3 e5 8. cxd5 Nxd5 9. Nxd5 cxd5 10. e4 h6 11. 0-0 dxe4 12. Bxe4 0-0 13. Rd1 Qe7 14. Re1 Qf6 15. Be3 Re8 16. a3 a6 17. Rad1 Qe7 18. Bf4 Kh8 19. Bg3 f6 20. Nh4 Nf8 21. h3 Bd7 22. Qd2 Rab8 23. dxe5 Bxe5 24. f4 Red8 25. Bd5 Be6 26. fxe5 Rxd5 27. Qe3 Rbd8 28. Rxd5 Rxd5 29. exf6 Qxf6 30. Rf1 Qe7 31. Rxf8+ Kh7 32. Qe4+ Rf5 33. Rxf5 g6 34. Re5 Qf8 35. Qxg6+ Kh8 36. Rxe6 Qc5+ 37. Kh2 Qf8 38. Re8 Qxe8 39. Qxe8+ Kh7 40. Qf7+ Kh8 41. Ng6# 1-0

[Event "AZE-ch (Women)"]
[Site "Baku"]
[Date "2019.02.06"]
[Round "3"]
[White "Jafarova, Aysel"]
[Black "Hajiyeva, Laman"]
[Result "0-1"]
[WhiteElo "1376"]
[BlackElo "2040"]
[PlyCount "86"]
[EventDate "2019.02.04"]
[EventType "swiss"]
[EventRounds "9"]
[EventCountry "AZE"]
[SourceTitle "CBM 188 Extra"]
[Source "ChessBase"]
[SourceDate "2019.02.28"]
[SourceVersion "1"]
[SourceVersionDate "2019.02.28"]
[SourceQuality "1"]

1. Nf3 d5 2. g3 Nf6 3. Bg2 Bf5 4. c4 c6 5. b3 e6 6. Bb2 Be7 7. 0-0 h6 8. d3 0-0 9. Nbd2 Nbd7 10. Rc1 a5 11. Qc2 Rc8 12. Rfe1 Bh7 13. Bc3 b5 14. e4 Nc5 15. Nd4 Qb6 16. a3 b4 17. axb4 axb4 18. Bb2 Rfd8 19. Kf1 Ng4 20. f3 Ne5 21. Re3 Bf6 22. Rd1 Ncxd3 23. f4 Nxb2 24. Qxb2 Ng4 25. Rd3 Ne3+ 26. Rxe3 Bxd4 27. Qc2 Bxe3 28. Ke2 Bxd2 29. Rxd2 dxe4 30. Rxd8+ Rxd8 31. Bxe4 Bxe4 32. Qxe4 Qd4 33. Qc2 Qg1 34. Qe4 Qd1+ 35. Ke3 Qd2+ 36. Kf3 Rd3+ 37. Qxd3 Qxd3+ 38. Kg4 f5+ 39. Kh3 Qf1+ 40. Kh4 Qg2 41. h3 g6 42. c5 Kg7 43. g4 Qf2# 0-1

[Event "AZE-ch (Women)"]
[Site "Baku"]
[Date "2019.02.04"]
[Round "1"]
[White "Jafarova, Aysel"]
[Black "Beydullayeva, Govhar"]
[Result "0-1"]
[WhiteElo "1376"]
[BlackElo "2239"]
[PlyCount "88"]
[EventDate "2019.02.04"]
[EventType "swiss"]
[EventRounds "9"]
[EventCountry "AZE"]
[SourceTitle "CBM 188 Extra"]
[Source "ChessBase"]
[SourceDate "2019.02.28"]
[SourceVersion "1"]
[SourceVersionDate "2019.02.28"]
[SourceQuality "1"]

1. Nf3 d5 2. c4 c6 3. g3 dxc4 4. Bg2 Nf6 5. 0-0 e6 6. Qc2 b5 7. a4 Bb7 8. b3 cxb3 9. Qxb3 b4 10. Bb2 c5 11. d3 Bd5 12. Qc2 Nbd7 13. Nbd2 Be7 14. Nc4 a5 15. Nfd2 0-0 16. Rac1 Qc7 17. f4 Bxg2 18. Kxg2 Rfd8 19. Ne5 Qb7+ 20. Kg1 Nd5 21. Nec4 N7b6 22. Rf3 Qc6 23. Ra1 Bf6 24. Bxf6 Nxf6 25. Ne5 Qd6 26. Ndc4 Qd4+ 27. Kg2 Nxc4 28. Qxc4 Qxa1 29. Qxc5 Qxa4 30. Rf1 Rac8 31. Qf2 Qb5 32. Nc4 a4 33. Ra1 a3 34. Qe1 Qd5+ 35. Kg1 Qd4+ 36. Kg2 Rxc4 37. dxc4 Ng4 38. Rc1 Ne3+ 39. Kf3 f5 40. Qg1 Qe4+ 41. Kf2 b3 42. c5 b2 43. Re1 b1Q 44. Rxb1 Ng4+ 0-1